000
00269nam a22001337a 4500
003
OSt
008
250109b |||||||| |||| 00| 0 eng d
041
_a
eng
100
_a
Culpin, C
_9
6901
245
_a
Farm Machinery
250
_a
10th
260
_c
1981.
942
_c
BK
999
_c
18997
_d
18997